Normal view
MARC view
- Guide Name:Madkaikar Ajit
Entry Personal Name
001 - CONTROL NUMBER
- control field: 210347
003 - CONTROL NUMBER IDENTIFIER
- control field: OSt
005 - DATE AND TIME OF LATEST TRANSACTION
- control field: 20250110171528.0
008 - FIXED-LENGTH DATA ELEMENTS
- fixed length control field: 250110|| aca||aabn | a|a d
040 ## - CATALOGING SOURCE
- Original cataloging agency: OSt
- Transcribing agency: OSt
100 ## - HEADING--PERSONAL NAME
- Personal name: Guide Name:Madkaikar Ajit
670 ## - SOURCE DATA FOUND
- Source citation: Work cat.: (OSt)363539: Heble Varada 182672, Landscape Approach For Khazan Ecosystem Goa, 2014